| 000 | 01106na a2200313 4500 | ||
|---|---|---|---|
| 001 | 24349 | ||
| 003 | MIRAKIL | ||
| 005 | 20181213155334.0 | ||
| 008 | 180919b tu 000 0 | ||
| 020 | _a9786055832100 | ||
| 040 |
_aMilas _btur _cTR-AnCHP |
||
| 041 | _atur | ||
| 082 |
_a321.8 _bK35m 2009 |
||
| 090 | _a321.8 K35m 2009 | ||
| 100 | _aKentel, Ferhat | ||
| 245 |
_a'Milletin bölünmez bütünlüğü' _bDemokratikleşme sürecinde parçalayan milliyetçilik(ler) _cFerhat Kentel, Meltem Ahıska, Fırat Genç |
||
| 246 | _aAlgılar ve zihniyet yapıları: Milliyetçilik ekseni | ||
| 246 | _aDemokratikleşme sürecinde parçalayan milliyetçilik(ler) | ||
| 250 | _a2. bs. | ||
| 260 |
_aİstanbul _bTESEV Yayınları _c2009 _fsena ofset |
||
| 300 |
_a310 s. _c23 sm. |
||
| 504 | _aKaynakça var. | ||
| 650 | _aMilliyetçilik | ||
| 650 |
_aDemokratikleşme _xTürkiye |
||
| 650 |
_aSiyaset ve yönetim _xTürkiye |
||
| 740 | _aAlgılar ve zihniyet yapıları: Milliyetçilik ekseni | ||
| 740 | _aDemokratikleşme sürecinde parçalayan milliyetçilik(ler) | ||
| 942 |
_2ddc _cBKS |
||
| 999 |
_c10822 _d10822 |
||